Teğmen : (Record no. 14396)

MARC details
000 -BAŞLIK
Sabit Uzunlukta Kontrol Alanı 00870nam a22002537a 4500
999 ## - SİSTEM KONTROL NUMARALARI (KOHA)
Koha Biblionumber 14396
Koha Biblioitemnumber 14396
003 - KONTROL NUMARASI IDENTIFIER
Denetim Alanı MIRAKIL
005 - SON İŞLEM TARİHİ VE ZAMANI
Denetim Alanı 20211214000619.0
008 - SABİT-BOY VERİ ELEMANLARI - GENEL BİLGİLER
Sabit Uzunlukta Kontrol Alanı 210608b tu ||||| |||| 00| 0 tur d
020 ## - ULUSLARARASI STANDART KİTAP NUMARASI
Uluslararası Standart Kitap Numarası 9786054927609
040 ## - KATALOGLAMA KAYNAK
Orijinal Kataloglama Ajansı TR-AnCHP
Metne Dönüştürmek Ajansı TR-AnCHP
041 ## - DİL KODU
Metin / Ses Parça Veya Ayrı Başlığın Dil Kodu Tur
082 ## - DEWEY ONLU SINIFLANDIRMA NUMARASI
Sınıflandırma Numarası 355.0092
Ürün Numarası Ç34t 2014
100 ## - ANA GİRİŞ - KİŞİSEL İSİM
Kişisel Ad Çelebi, Mehmet Ali
245 10 - BAŞLIK TABLOSU
Başlık Teğmen :
Başlığın Kalan Sehven olayı ve bir direnişin öyküsü /
Sorumluluk Tablosu, Vb Mehmet Ali Çelebi
246 ## - UNVAN FORM VARYING
Başlık Doğru / Kısa Başlığı Sehven olayı ve bir direnişin öyküsü
260 ## - YAYIN, DAĞITIM, VB
Yayın, Dağıtım, Vb Yeri İstanbul:
Yayıncı, Dağıtıcı, Vs Adı Kırmızı Kedi Yayınları,
Yayın, Dağıtım, Vb Tarihi 2014.
300 ## - FİZİKSEL TANIM
Kapsam 199 s.:
Diğer Fiziksel Ayrıntıları forg.;
Boyutlar 23 sm.
490 0# - SERİSİ TABLOSU
Seri Beyanı Kırmızı Kedi Yayınları ;
-- Anı ;
Hacim / Ardışık Tanımı 346 .
-- 7.
600 #0 - KONU KATMA GİRİŞ - KURUMSAL ADI
9 (RLIN) 6700
Kişisel Ad Çelebi, Mehmet Ali
Genel Alt Bölümü Anılar
650 #0 - KONU KATMA GİRİŞ - TOPİKAL DÖNEM
Topikal Süreli Veya Coğrafi Ad Giriş Elemanı Siyaset ve yönetim
Genel Alt Bölümü Türkiye
9 (RLIN) 9
650 #0 - KONU KATMA GİRİŞ - TOPİKAL DÖNEM
9 (RLIN) 5221
Topikal Süreli Veya Coğrafi Ad Giriş Elemanı Ordu ve siyaset
Genel Alt Bölümü Türkiye
740 ## - KATMA GİRİŞ - KONTROLSUZ İLGİLİ / ANALİTİK BAŞLIK
Kontrol Edilmeyen / İlgili Analitik Başlıktaki Sehven olayı ve bir direnişin öyküsü
942 ## - EKLENDİ GİRİŞ ELEMANLARI (KOHA)
Sınıflandırma Veya Raf Düzeni Kaynak Dewey Decimal Classification
Koha Öğesi Türü Books
Holdings
Kalıcı Konum Mevcut Konum Edinme Tarihi Toplam Check-Out'Lar Tam Çağrı Numarası Barkod Tarih Son Görülme İtibaren Geçerli Fiyatlar Sigara Kamu Notu Koha Öğesi Türü
CHP Kütüphanesi CHP Kütüphanesi 06/08/2021   355.0092 Ç34t 2014 019879 06/08/2021 06/08/2021 Kemal Kılıçdaroğlu bağışıdır. Books